Rozwój strukturalny i specjalizacja produkcji polskiego przemyslu elektro-maszynowego na tle tendencji swiatowych

Saved in:
Bibliographic Details
Format: Book
Language:Polish
Published: Warszawa Szkola Glówna planowania i statystyki 1984
Series:Monografie i opracowania 151
Tags: Add Tag
No Tags, Be the first to tag this record!

MARC

LEADER 00000nam a2200000 4500
001 c114277
005 20260120092957.1
041 0 |a pol 
044 |a PL 
245 1 0 |a Rozwój strukturalny i specjalizacja produkcji polskiego przemyslu elektro-maszynowego  |b na tle tendencji swiatowych  |c Stefania Jurek-Stepien 
264 1 |a Warszawa  |b Szkola Glówna planowania i statystyki  |c 1984 
300 |a 241 s. 
490 1 |a Monografie i opracowania  |v 151 
830 0 |a Monografie i opracowania  |v 151